[Event "9th Sharjah Cup Women 2018"]
[Site "Sharjah"]
[Date "2018.12.20"]
[Round "9"]
[White "Abdulla, Khayala"]
[Black "Cornette, Deimante"]
[Result "1/2-1/2"]
[WhiteElo "2190"]
[BlackElo "2455"]
[Annotator "ChessBase"]
[PlyCount "96"]
[EventDate "2018.12.14"]
[EventType "swiss"]
[EventCountry "UAE"]
[SourceTitle "playchess.com"]
[Source "ChessBase"]
[SourceQuality "1"]
[TimeControl "5400+30"]

1. e4 {[%emt 0:00:00]} c5 {[%emt 0:00:00]} 2. c3 {[%emt 0:00:50]} Nf6 {[%emt 0:00:00]} 3. e5 {[%emt 0:00:21]} Nd5 {[%emt 0:00:06]} 4. Nf3 {[%emt 0:00:08]} Nc6 {[%emt 0:00:19]} 5. Bc4 {[%emt 0:00:23]} Nb6 {[%emt 0:00:40]} 6. Bb3 {[%emt 0:00:07]} c4 {[%emt 0:00:18]} 7. Bc2 {[%emt 0:00:02]} d6 {[%emt 0:00:12]} 8. exd6 {[%emt 0:02:28]} Qxd6 {[%emt 0:00:07]} 9. d4 {[%emt 0:07:09]} cxd3 {[%emt 0:01:37]} 10. Qxd3 {[%emt 0:00:54]} Qxd3 {[%emt 0:05:01]} 11. Bxd3 {[%emt 0:00:03]} e5 {[%emt 0:01:20]} 12. O-O {[%emt 0:01:51]} f6 {[%emt 0:00:20]} 13. a4 {[%emt 0:02:31]} a6 {[%emt 0:20:12]} 14. Nbd2 {[%emt 0:11:34]} Be6 {[%emt 0:01:34]} 15. a5 {[%emt 0:00:25]} Nd5 {[%emt 0:02:58]} 16. Nc4 {[%emt 0:05:32]} Rd8 {[%emt 0:01:24]} 17. Be2 {[%emt 0:04:15]} Bc5 {[%emt 0:06:07]} 18. Ne1 {[%emt 0:06:34]} O-O {[%emt 0:01:42]} 19. Nc2 {[%emt 0:01:40]} g5 {[%emt 0:06:49]} 20. g3 {[%emt 0:07:11]} Kg7 {[%emt 0:10:04]} 21. N2e3 {[%emt 0:06:07]} Nce7 {[%emt 0:02:37]} 22. Nxd5 {[%emt 0:02:54]} Nxd5 {[%emt 0:00:10]} 23. Re1 {[%emt 0:00:15]} Rh8 {[%emt 0:03:36]} 24. Bf1 {[%emt 0:05:54]} h5 {[%emt 0:04:25]} 25. Ne3 {[%emt 0:02:57]} h4 {[%emt 0:04:32]} 26. Bg2 {[%emt 0:02:26]} h3 {[%emt 0:08:43]} 27. Bxd5 {[%emt 0:12:05]} Bxd5 {[%emt 0:00:06]} 28. Nxd5 {[%emt 0:00:03]} Rxd5 {[%emt 0:00:07]} 29. Kf1 {[%emt 0:00:32]} Rd3 {[%emt 0:01:57]} 30. Ra4 {[%emt 0:04:00]} Rhd8 {[%emt 0:05:56]} 31. Rc4 {[%emt 0:00:09]} Ba7 {[%emt 0:00:17]} 32. Rc7+ {[%emt 0:01:03]} R8d7 {[%emt 0:00:17]} 33. Rxd7+ {[%emt 0:00:05]} Rxd7 {[%emt 0:00:03]} 34. Be3 {[%emt 0:04:19]} Bxe3 {[%emt 0:00:12]} 35. Rxe3 {[%emt 0:00:01]} Rd1+ {[%emt 0:00:15]} 36. Re1 {[%emt 0:00:30]} Rd2 {[%emt 0:03:58]} 37. Re2 {[%emt 0:00:02]} Rd5 {[%emt 0:00:13]} 38. b4 {[%emt 0:00:08]} g4 {[%emt 0:05:58]} 39. Ke1 {[%emt 0:04:14]} Kf7 {[%emt 0:00:47]} 40. Re4 {[%emt 0:00:54]} f5 {[%emt 0:00:16]} 41. Rc4 {[%emt 0:00:12]} Rd7 {[%emt 0:00:15]} 42. Ke2 {[%emt 0:01:38]} Ke6 {[%emt 0:00:28]} 43. Rc8 {[%emt 0:00:51]} Kf6 {[%emt 0:02:05]} 44. Rc5 {[%emt 0:02:08]} Ke6 {[%emt 0:00:10]} 45. Rc8 {[%emt 0:00:04]} Kd5 {[%emt 0:01:27]} 46. Rc5+ {[%emt 0:00:29]} Ke6 {[%emt 0:00:26]} 47. Rc8 {[%emt 0:00:04]} Kd5 {[%emt 0:00:06]} 48. Rc5+ {[%emt 0:00:04]} Ke6 {[%emt 0:00:04]} 1/2-1/2

[Event "9th Sharjah Cup Women 2018"]
[Site "Sharjah"]
[Date "2018.12.20"]
[Round "9"]
[White "Babayan, Armine"]
[Black "Greibrokk, Ingrid"]
[Result "1-0"]
[WhiteElo "2189"]
[BlackElo "1857"]
[Annotator "NA"]
[PlyCount "69"]
[EventDate "2018.12.14"]
[EventType "swiss"]
[EventCountry "UAE"]
[SourceTitle "playchess.com"]
[Source "ChessBase"]
[SourceQuality "1"]
[TimeControl "5400+30"]

1. e4 {[%emt 0:00:00]} d6 {[%emt 0:00:00]} 2. d4 {[%emt 0:00:00]} Nf6 {[%emt 0:00:00]} 3. Nc3 {[%emt 0:00:00]} g6 {[%emt 0:00:00]} 4. Be2 {[%emt 0:00:12]} Bg7 {[%emt 0:00:08]} 5. Be3 {[%emt 0:00:04]} O-O {[%emt 0:00:08]} 6. h4 {[%emt 0:00:43]} h5 {[%emt 0:05:56]} 7. f3 {[%emt 0:00:37] B07: Pirc Defence: Miscellaneous Systems} (7. Qd2 c6 8. O-O-O b5 9. e5 dxe5 10. dxe5 Qxd2+ 11. Rxd2 b4 12. Na4 Nd5 13. Bf3 Nxe3 14. fxe3 Bxe5 {1-0 (46) Deniz,U (1820)-Atanasov,V Sofia 2018}) 7... e5 {[%emt 0:04:16]} 8. d5 {[%emt 0:00:46]} c6 {[%emt 0:02:18]} 9. Qd2 {[%emt 0:11:55]} cxd5 $146 {[%emt 0:07:17]} ({Predecessor:} 9... c5 10. Nh3 a6 11. Bg5 Nbd7 12. g4 Qc7 13. Bh6 b5 14. Bxg7 Kxg7 15. gxh5 Nxh5 {0-1 (26) Wink,A-Teixeira,J Schleswig Holstein 1989}) 10. Nxd5 {[%emt 0:03:18]} Nxd5 {[%emt 0:00:26]} 11. Qxd5 {[%emt 0:00:23]} Bf6 {[%emt 0:00:46]} 12. O-O-O {[%emt 0:00:59]} Bxh4 {[%emt 0:05:04]} (12... Be6 $14 13. Qxb7 Nd7) 13. g4 {[%emt 0:02:12]} ({Weaker is} 13. Qxd6 Qxd6 14. Rxd6 Be7 $11) 13... hxg4 {[%emt 0:07:56]} 14. fxg4 {[%emt 0:01:20]} Bg5 {[%emt 0:01:06]} 15. Qd2 {[%emt 0:01:23]} Bxe3 {[%emt 0:01:13]} 16. Qxe3 {[%emt 0:00:07]} Qf6 {[%emt 0:00:04]} 17. Qh3 {[%emt 0:01:27]} Qg7 {[%emt 0:00:30]} 18. Rxd6 {[%emt 0:03:38]} Be6 {[%emt 0:04:48]} 19. Nf3 {[%emt 0:00:20]} Nc6 {[%emt 0:01:15]} 20. Ng5 {[%emt 0:03:00]} Nd4 {[%emt 0:02:11]} 21. Bd1 {[%emt 0:04:20]} Rfd8 {[%emt 0:01:09]} 22. Rxd8+ {[%emt 0:00:11]} Rxd8 {[%emt 0:00:06]} 23. c3 {[%emt 0:00:06]} Nc6 {[%emt 0:09:46]} 24. Qf1 {[%emt 0:05:08]} Rxd1+ {[%emt 0:08:41]} 25. Qxd1 {[%emt 0:00:33]} Qf6 {[%emt 0:00:59]} 26. Nxe6 {[%emt 0:00:31]} Qxe6 {[%emt 0:00:06]} 27. Kb1 $18 {[%emt 0:02:58]} Qc4 {[%emt 0:07:05]} 28. Qf3 {[%emt 0:00:11]} b5 {[%emt 0:03:13]} 29. b3 {[%emt 0:00:21]} Qe6 {[%emt 0:00:23]} 30. Qh3 {[%emt 0:00:13]} Kf8 {[%emt 0:00:29]} 31. Qh8+ {[%emt 0:00:29]} Ke7 {[%emt 0:00:07]} 32. g5 {[%emt 0:00:26]} b4 {[%emt 0:02:45]} 33. cxb4 {[%emt 0:00:08]} Nxb4 {[%emt 0:00:16]} 34. Rd1 {[%emt 0:02:22]} Qb6 {[%emt 0:00:24]} 35. Qc8 {[%emt 0:00:38]} 1-0

[Event "9th Sharjah Cup Women 2018"]
[Site "Sharjah"]
[Date "2018.12.20"]
[Round "9"]
[White "Mona, Khaled"]
[Black "Amal Fadel S M Alshamsi"]
[Result "1-0"]
[WhiteElo "2158"]
[BlackElo "1520"]
[Annotator "TA"]
[PlyCount "57"]
[EventDate "2018.12.14"]
[EventType "swiss"]
[EventCountry "UAE"]
[SourceTitle "playchess.com"]
[Source "ChessBase"]
[SourceQuality "1"]

{[%evp 16,57,41,38,100,70,77,70,118,125,172,160,177,168,175,155,400,391,316,183,372,248,354,291,775,748,772,756,1149,1098,1181,616,901,603,607,602,664,664,661,628,1604,1609,29997,5178]} 1. d4 Nf6 2. Nf3 e6 3. Nbd2 b6 4. e4 Bb7 5. Bd3 c5 6. c3 d5 {B00: Queen's Fianchetto Defence, Nimzowitsch Defence} 7. e5 Ne4 8. Qe2 Nxd2 9. Bxd2 {LiveBook: 15 Games} Nd7 (9... a5 $14) (9... Nc6 10. a3 Be7 11. b4 Rc8 12. O-O O-O 13. Rfe1 Qd7 14. h4 cxd4 15. cxd4 {½-½ (47) Grischuk,A (2766)-Nepomniachtchi,I (2757) chess.com INT 2018}) 10. O-O Be7 11. Ne1 O-O 12. f4 c4 $146 ({Predecessor:} 12... f5 13. exf6 Rxf6 14. Nf3 g6 15. Ne5 Nb8 16. Ng4 Qd6 17. Nxf6+ Bxf6 {0-1 (53) Gonchar,M (1951)-Ivanenko,O (2001) Odessa 2009}) 13. Bc2 f5 14. exf6 $1 Rxf6 15. Nf3 h6 $2 (15... Bd6 $16 16. Rae1 Qc7) 16. Rae1 Bd6 17. Bb1 (17. g4 $142) 17... b5 $2 (17... Qe7 18. g3 Bc6) 18. Ne5 a5 (18... Qe7 {was necessary.} 19. Ng4 Raf8 20. Nxf6+ Rxf6) 19. Ng4 $18 Nf8 $2 (19... Kh8 20. Nxf6 Nxf6 21. Qxe6 Ne4) 20. Nxf6+ Qxf6 21. f5 Bc8 22. fxe6 Qxe6 23. Rxf8+ {[%mdl 64] [#] Remove Defender} Kxf8 24. Qxe6 Bxe6 25. Rxe6 Bc7 26. Bg6 Rb8 27. Rc6 Bb6 28. Bf4 {[#] White threatens Bd6+ and mate.} Rb7 29. Re6 {Accuracy: White = 51%, Black =  7%.} (29. Bd6+ $142 Kg8 30. Rc8+ Bd8 31. Rxd8#) 1-0

[Event "9th Sharjah Cup Women 2018"]
[Site "Sharjah"]
[Date "2018.12.20"]
[Round "9"]
[White "Hallaeva, Bahar"]
[Black "Al Maamari, Wafia Darwish"]
[Result "1-0"]
[WhiteElo "2133"]
[BlackElo "1829"]
[Annotator "TA"]
[PlyCount "42"]
[EventDate "2018.12.14"]
[EventType "swiss"]
[EventCountry "UAE"]
[SourceTitle "playchess.com"]
[Source "ChessBase"]
[SourceQuality "1"]

{[%evp 14,42,49,43,134,122,150,157,161,177,234,192,266,261,258,258,255,221,508,507,562,566,29994,29995,29995,29996,29997,29998,29998,29999,29999]} 1. e4 c5 2. c3 d5 3. exd5 Qxd5 4. d4 {[%cal Bd2d4,Bd4c5][%mdl 32]} Nc6 5. Nf3 Bf5 6. Be3 Nf6 {B22: Sicilian: 2 c3} 7. Qb3 Qxb3 (7... cxd4 8. Nxd4 Nxd4 9. Bxd4 a6 10. Nd2 e6 11. Be2 O-O-O 12. Nc4 Bc5 13. O-O Be4 14. Rfd1 {1-0 (32) Jones,G (2676)-Pichot,A (2556) Sharjah 2017}) 8. axb3 {[%cal Ba2b3,Bb3b4][%mdl 32] LiveBook: 5 Games} Nd5 (8... cxd4 $14 9. Nxd4 Nxd4 10. Bxd4 a6) 9. dxc5 $16 Nxe3 10. fxe3 e6 $146 ({Predecessor:} 10... g6 11. Bb5 Bh6 12. Ke2 O-O 13. Nbd2 Rfd8 14. Ra3 {1-0 (43) Zifroni,D (2355)-Porper,E (2395) Ramat Gan 1992}) 11. b4 O-O-O (11... a5 $142) 12. Nbd2 {[%cal Bb1d2,Bd2c4,Bc4d6][%mdl 32]} Kb8 (12... a6 {was necessary.} 13. Nd4 Nxd4 14. exd4 (14. cxd4 Kc7 $16) 14... Kc7) 13. Bb5 $18 Ne7 14. Ne5 Bg6 15. Nd7+ Ka8 $2 (15... Kc7 16. Nxf8 (16. Rxa7 Nc8 $16) 16... Rdxf8) 16. Nc4 {[%csl Gc5,Gd7][%cal Rc4b6]} a6 {[#]} 17. Bxa6 $1 {[%mdl 512]} bxa6 18. Rxa6+ {White mates.} Kb7 19. Nd6+ Kc7 20. Ra7+ Kc6 21. b5+ Kd5 {Accuracy: White = 97%, Black = 12%.} 1-0

[Event "9th Sharjah Cup Women 2018"]
[Site "Sharjah"]
[Date "2018.12.20"]
[Round "9"]
[White "Alieva, Alexandra"]
[Black "Nour Saleh Jasim"]
[Result "1-0"]
[WhiteElo "2102"]
[BlackElo "1152"]
[Annotator "TA"]
[PlyCount "102"]
[EventDate "2018.12.14"]
[EventType "swiss"]
[EventCountry "UAE"]
[SourceTitle "playchess.com"]
[Source "ChessBase"]
[SourceQuality "1"]

{[%evp 20,102,66,42,111,98,89,59,68,47,118,63,102,98,130,137,170,165,460,469,887,869,866,293,306,292,274,285,483,270,579,442,442,435,429,424,410,408,415,408,491,490,482,477,458,464,508,511,589,584,585,574,565,552,647,647,695,690,1097,998,1563,1518,1306,1264,1240,1237,1219,1183,1619,1577,1743,1659,29983,29984,29984,29985,29985,29985,29986,29987,29987,29988,29988,29989,29990]} 1. e4 e6 2. d4 d5 3. Nd2 dxe4 4. Nxe4 Nd7 5. Nf3 Be7 6. Bd3 Ngf6 7. c3 O-O 8. O-O Nxe4 9. Bxe4 Nf6 10. Bc2 c5 11. Bg5 {LiveBook: 3 Games. C10: French with 3 Nc3: Unusual Black 3rd moves and 3...dxe4} Nd7 $146 (11... cxd4 $14 12. Nxd4 Qd5) ({Predecessor:} 11... b6 12. Qd3 g6 13. Rad1 Bb7 14. Bh6 Re8 15. Ba4 Bf8 16. Bg5 h6 17. Bxe8 hxg5 18. Bxf7+ Kxf7 19. Nxg5+ Kg8 20. Qxg6+ Bg7 21. Qf7+ Kh8 22. Qxb7 {1-0 (22) Parligras,M (2547)-Welling,G (2372) Bad Wiessee 2009}) 12. Qd3 $16 {[%csl Gc2][%cal Rd3h7]} g6 13. Bxe7 {White is better.} Qxe7 14. Qe3 Kg7 (14... cxd4 $14 15. Nxd4 (15. cxd4 b6 $11) 15... Nf6) 15. d5 ({White should play} 15. Rad1 $16) 15... Re8 16. Rfe1 $36 {[%mdl 2048] White has strong initiative.} Nb6 17. Rad1 Nc4 18. Qf4 Nd6 $2 (18... Nb6 {is a better defense.} 19. d6 Qf6) 19. dxe6 $18 Rd8 (19... Bxe6 $142 20. Rxd6 Qf6) 20. exf7 Qxf7 21. Qe5+ $2 (21. Qh4 Qf6 22. Re7+ Nf7 {[#]} 23. Rxf7+ $1 {[%mdl 512]} Kxf7 24. Ng5+ Qxg5 25. Qxg5 Rxd1+ 26. Bxd1) 21... Qf6 22. Qe7+ Qxe7 23. Rxe7+ Kh6 $2 (23... Kf6 {was necessary.}) 24. Ne5 (24. h3 $142) 24... Bf5 $2 (24... Re8 {is a better chance.}) 25. Bxf5 Nxf5 {[%cal Rd8d1]} 26. Rxd8 Rxd8 {[%cal Rd8d1][%mdl 4096] Endgame KRN-KRN} 27. Nf7+ {[%mdl 64] [#] Double Attack} Kg7 {( -> ...Rd1+)} 28. Nxd8+ {[%mdl 64] Discovered Attack} Nxe7 29. Nxb7 {KN-KN} c4 30. Nd6 Kf6 31. Nxc4 Ke6 32. Kf1 Kd5 33. Ne3+ Ke4 34. Ke2 Nc6 35. f3+ Ke5 36. Kd3 h6 37. Ng4+ Kf4 38. Nxh6 Ne5+ 39. Kd4 {aiming for g3+.} Nc6+ 40. Kd5 Ne7+ 41. Kd6 Nc8+ 42. Kc7 Nb6 43. Kb7 Nc4 44. b3 Ne3 45. c4 Ke5 46. Ng4+ {White mates.} Nxg4 47. fxg4 Kd6 48. h4 a5 49. h5 gxh5 50. gxh5 Ke6 51. c5 Kd5 {Accuracy: White = 56%, Black = 16%.} 1-0

[Event "9th Sharjah Cup Women 2018"]
[Site "Sharjah"]
[Date "2018.12.20"]
[Round "9"]
[White "Patil, Mitali"]
[Black "Khezrian, Nooralzahra"]
[Result "1-0"]
[WhiteElo "2081"]
[BlackElo "1317"]
[Annotator "NA RC"]
[PlyCount "31"]
[EventDate "2018.12.14"]
[EventType "swiss"]
[EventCountry "UAE"]
[SourceTitle "playchess.com"]
[Source "ChessBase"]
[SourceQuality "1"]
[TimeControl "5400+30"]

1. e4 {[%emt 0:00:00]} e5 {[%emt 0:02:42]} 2. d4 {[%emt 0:00:00]} exd4 {[%emt 0:00:40]} 3. c3 {[%emt 0:00:01]} dxc3 {[%emt 0:03:52]} 4. Nxc3 {[%emt 0:00:01]} Bb4 {[%emt 0:03:14]} 5. Bc4 {[%emt 0:00:25]} Qe7 {[%emt 0:01:34]} 6. Qf3 {[%emt 0:03:44]} Nf6 {[%emt 0:05:13]} 7. Kf1 {[%emt 0:29:10]} Bxc3 {[%emt 0:12:45]} ({Black should try} 7... Nc6 8. Bg5 Ne5) 8. Qxc3 {[%emt 0:00:15]} Nc6 {[%emt 0:04:53]} 9. Bf4 {[%emt 0:03:08]} d6 {[%emt 0:02:33]} 10. Nf3 {[%emt 0:22:22]} O-O {[%emt 0:08:17]} 11. Bg5 $17 {[%emt 0:02:06]} Re8 {[%emt 0:08:29]} 12. Bf4 {[%emt 0:00:07]} Rf8 {[%emt 0:00:06]} 13. Bg5 {[%emt 0:00:02]} Re8 {[%emt 0:00:09]} 14. Bf4 {[%emt 0:00:04]} Rf8 {[%emt 0:00:03]} 15. Bg5 {[%emt 0:00:05]} Re8 {[%emt 0:00:05]} 16. Bf4 $1 {[%emt 0:00:04]} 1-0

[Event "9th Sharjah Cup Women 2018"]
[Site "Sharjah"]
[Date "2018.12.20"]
[Round "9"]
[White "Mezioud, Amina"]
[Black "Asatryan, Sona"]
[Result "1/2-1/2"]
[WhiteElo "2065"]
[BlackElo "2089"]
[Annotator "NA"]
[PlyCount "123"]
[EventDate "2018.12.14"]
[EventType "swiss"]
[EventCountry "UAE"]
[SourceTitle "playchess.com"]
[Source "ChessBase"]
[SourceQuality "1"]
[TimeControl "5400+30"]

1. e4 {[%emt 0:00:07]} c6 {[%emt 0:00:00]} 2. d3 {[%emt 0:01:45]} d5 {[%emt 0:00:00]} 3. Nd2 {[%emt 0:00:07]} e5 {[%emt 0:00:30]} 4. Ngf3 {[%emt 0:00:10]} Bd6 {[%emt 0:00:39]} 5. g3 {[%emt 0:00:17]} Nf6 {[%emt 0:00:53]} 6. Bg2 {[%emt 0:00:06]} O-O {[%emt 0:00:19]} 7. O-O {[%emt 0:00:30]} Be6 {[%emt 0:02:19]} 8. c3 {[%emt 0:01:48]} Nbd7 {[%emt 0:05:13] B10: Caro-Kann: 2 d3 and 2 c4} 9. Ng5 {[%emt 0:02:28]} (9. Re1 Re8 10. d4 Bg4 11. h3 Bxf3 12. Bxf3 Qc7 13. exd5 cxd5 14. Nf1 e4 15. Bg2 b5 16. Ne3 {1-0 (47) Moreira,C (1741)-Milde,L (1575) LSS email 2010}) 9... h6 {[%emt 0:05:48]} 10. Nxe6 {[%emt 0:00:38]} fxe6 {[%emt 0:00:04]} 11. d4 $146 {[%emt 0:02:11]} ({Predecessor:} 11. f4 b5 12. Qe2 a6 13. Nf3 Qc7 14. fxe5 Bxe5 15. d4 Bd6 16. e5 Bxe5 17. Nxe5 {1-0 (32) Radzhabov,R-Dovgalevskaya,O Kiev 2007}) 11... Qb6 {[%emt 0:08:36]} 12. dxe5 {[%emt 0:15:42]} Nxe5 {[%emt 0:05:54]} 13. Nb3 {[%emt 0:01:37]} Rae8 {[%emt 0:07:30]} 14. Be3 {[%emt 0:06:40]} Qc7 {[%emt 0:04:40]} 15. exd5 {[%emt 0:05:35]} exd5 {[%emt 0:03:15]} 16. Nd4 {[%emt 0:03:56]} Qd7 {[%emt 0:03:32]} 17. Nf3 {[%emt 0:04:22]} Nc4 {[%emt 0:04:01]} 18. Bc1 {[%emt 0:05:29]} Ne4 {[%emt 0:02:18]} 19. Qc2 {[%emt 0:01:02]} Qg4 {[%emt 0:06:28]} 20. Nd4 {[%emt 0:11:31]} Qh5 {[%emt 0:04:08]} 21. b3 {[%emt 0:09:48]} Ne5 {[%emt 0:01:12]} 22. h3 {[%emt 0:00:43]} c5 {[%emt 0:03:56]} 23. g4 $2 {[%emt 0:01:56]} (23. Qe2 Qf7 24. Nb5) 23... Nxg4 {[%emt 0:02:25]} 24. f4 {[%emt 0:01:58]} cxd4 {[%emt 0:02:14]} 25. hxg4 {[%emt 0:00:02]} Qxg4 {[%emt 0:00:28]} 26. cxd4 {[%emt 0:00:29]} Bxf4 {[%emt 0:02:47]} 27. Bxf4 {[%emt 0:01:39]} Rxf4 {[%emt 0:01:29]} 28. Rxf4 {[%emt 0:04:18]} Qxf4 {[%emt 0:00:04]} 29. Re1 {[%emt 0:00:18]} Rf8 $19 {[%emt 0:04:58]} 30. Qe2 {[%emt 0:03:49]} Qg5 {[%emt 0:03:19]} 31. Qe3 {[%emt 0:02:17]} Qxe3+ {[%emt 0:02:48]} 32. Rxe3 Rf4 {[%emt 0:01:06]} 33. a4 {[%emt 0:00:21]} Kf7 {[%emt 0:01:06]} 34. b4 {[%emt 0:00:05]} Ke6 {[%emt 0:01:14]} 35. b5 {[%emt 0:00:19]} Kd6 {[%emt 0:01:39]} 36. a5 {[%emt 0:00:08]} Nd2 {[%emt 0:00:37]} 37. Rd3 {[%emt 0:00:52]} Nc4 {[%emt 0:00:14]} 38. a6 {[%emt 0:00:14]} bxa6 {[%emt 0:02:50]} 39. bxa6 {[%emt 0:00:10]} Nb6 {[%emt 0:01:09]} 40. Rg3 {[%emt 0:01:10]} Rf7 {[%emt 0:01:06]} 41. Rg6+ {[%emt 0:00:55]} Kc7 {[%emt 0:01:05]} 42. Kh2 {[%emt 0:01:01]} Rd7 {[%emt 0:01:02]} 43. Bh3 {[%emt 0:00:09]} Re7 {[%emt 0:01:07]} 44. Bg2 {[%emt 0:00:06]} Kd8 {[%emt 0:03:48]} 45. Kg3 {[%emt 0:01:23]} Re3+ {[%emt 0:00:45]} 46. Kf4 {[%emt 0:00:14]} Ra3 {[%emt 0:01:18]} 47. Rxg7 {[%emt 0:00:16]} Rxa6 {[%emt 0:00:12]} 48. Bf3 {[%emt 0:01:58]} Nd7 {[%emt 0:00:41]} 49. Bxd5 {[%emt 0:01:30]} Rd6 {[%emt 0:00:43]} 50. Ke4 {[%emt 0:02:22]} Nf6+ {[%emt 0:00:42]} 51. Ke5 {[%emt 0:00:15]} Rxd5+ {[%emt 0:00:10]} 52. Kxf6 {[%emt 0:00:07]} a5 {[%emt 0:00:40]} 53. Ra7 {[%emt 0:00:47]} h5 {[%emt 0:00:39]} 54. Ke6 {[%emt 0:00:19]} Rxd4 {[%emt 0:00:05]} 55. Rxa5 {[%emt 0:00:06]} h4 {[%emt 0:00:13]} 56. Rh5 {[%emt 0:00:27]} Kc7 {[%emt 0:00:31]} 57. Ke5 {[%emt 0:00:42]} Ra4 {[%emt 0:00:14]} 58. Rh6 {[%emt 0:00:21]} Kd7 {[%emt 0:00:54]} 59. Kf5 {[%emt 0:00:09]} Ke7 {[%emt 0:00:09]} 60. Kg5 {[%emt 0:00:18]} Kf7 {[%emt 0:00:13]} 61. Rxh4 {[%emt 0:00:10]} Rxh4 {[%emt 0:00:03]} 62. Kxh4 1/2-1/2

[Event "9th Sharjah Cup Women 2018"]
[Site "Sharjah"]
[Date "2018.12.20"]
[Round "9"]
[White "Samaganova, Alexandra"]
[Black "Gevorgyan, Irina"]
[Result "1/2-1/2"]
[WhiteElo "2038"]
[BlackElo "2301"]
[Annotator "NA"]
[PlyCount "69"]
[EventDate "2018.12.14"]
[EventType "swiss"]
[EventCountry "UAE"]
[SourceTitle "playchess.com"]
[Source "ChessBase"]
[SourceQuality "1"]
[TimeControl "5400+30"]

{[%evp 20,69,8,0,32767,10,8,10,7,0,0,-36,32767,-27,-29,32767,32767,32767,32767,-95,32767,-30,32767,-45,-27,-31,32767,-25,-29,-49,32767,32767,32767,32767,-27,-27,-22,-73,32767,32767,32767,32767,32767,32767,32767,32767,32767,32767,0,-96,0,-86]} 1. c4 {[%emt 0:00:00]} e5 {[%emt 0:00:00]} 2. Nc3 {[%emt 0:00:00]} Nf6 {[%emt 0:00:00]} 3. Nf3 {[%emt 0:00:02]} Nc6 {[%emt 0:00:05]} 4. a3 {[%emt 0:01:17]} g6 {[%emt 0:00:12]} 5. e3 {[%emt 0:00:50]} Bg7 {[%emt 0:00:11] A28: English Opening: Four Knights Variation} 6. Be2 {[%emt 0:00:59]} (6. d3 O-O 7. Be2 d5 8. cxd5 Nxd5 9. Bd2 a5 10. Rc1 Nde7 11. Ne4 h6 12. b4 axb4 13. axb4 {1-0 (74) Artemiev,V (2691)-Le,Q (2737) Huaian 2017}) 6... O-O {[%emt 0:00:33]} 7. Qc2 {[%emt 0:04:07]} Re8 {[%emt 0:06:40]} 8. d3 {[%emt 0:02:25]} d5 {[%emt 0:00:53]} 9. cxd5 {[%emt 0:00:31]} Nxd5 {[%emt 0:00:06]} 10. O-O {[%emt 0:01:09]} a5 {[%emt 0:20:57]} 11. Rb1 {[%emt 0:05:04]} h6 $146 {[%emt 0:12:06]} ({Predecessor:} 11... b6 12. Nxd5 Qxd5 {0-1 (46) Horvath,C (2539)-Acs,P (2529) Balatonlelle 2002}) 12. Bd2 {[%emt 0:08:15]} Nxc3 {[%emt 0:19:24]} 13. bxc3 {[%emt 0:10:21]} a4 {[%emt 0:00:20]} 14. c4 {[%emt 0:01:24]} Qe7 {[%emt 0:01:54]} 15. Bb4 {[%emt 0:03:25]} Nxb4 {[%emt 0:03:56]} 16. Rxb4 {[%emt 0:07:20]} b6 {[%emt 0:01:06]} 17. Nd2 {[%emt 0:11:34]} Bd7 {[%emt 0:00:34]} 18. Ne4 {[%emt 0:04:16]} Bf8 {[%emt 0:06:03]} 19. Qa2 {[%emt 0:09:01]} (19. Bf3 $11) 19... Qd8 {[%emt 0:01:41]} 20. Rbb1 {[%emt 0:00:45]} Bc6 {[%emt 0:10:35]} 21. Nc3 {[%emt 0:05:21]} Bc5 {[%emt 0:01:08]} 22. Rfd1 {[%emt 0:07:53]} Qg5 {[%emt 0:05:14]} 23. Bf1 {[%emt 0:01:20]} Red8 {[%emt 0:00:49]} 24. Rd2 {[%emt 0:05:44]} Qe7 {[%emt 0:01:32]} 25. Ra1 {[%emt 0:01:27]} Kh7 {[%emt 0:00:16]} 26. Ne2 {[%emt 0:01:09]} Qf6 {[%emt 0:04:32]} 27. Qb2 {[%emt 0:01:44]} Kg7 {[%emt 0:01:40]} 28. d4 {[%emt 0:04:03]} exd4 {[%emt 0:00:08]} 29. exd4 {[%emt 0:00:03]} Bd6 {[%emt 0:00:02]} 30. Rad1 {[%emt 0:00:17]} Re8 {[%emt 0:00:10]} 31. Qc3 {[%emt 0:01:27]} h5 {[%emt 0:00:36]} 32. Rd3 $1 {[%emt 0:01:01]} Be4 {[%emt 0:01:24]} ({Better is} 32... Re7 $17 33. f4 Rd8) 33. Re3 {[%emt 0:00:22]} Bc6 {[%emt 0:00:32]} (33... Bb7 $17) 34. Red3 {[%emt 0:00:34]} Be4 $11 {[%emt 0:00:56]} 35. Re3 {[%emt 0:00:04]} 1/2-1/2